000 00283 a2200109 4500
005 20251229155133.0
020 _a9783030208783
100 _aGanguly, Jibamitra
245 _aThermodynamic principles and applications to earth and planetary science
260 _bSpringer
942 _cBK
999 _c36646
_d36646